Statistiques concernant TOUS LES PAYS QUI COMMENCENT PAR LA LETTRE A

Cliquez ici pour prendre le quiz!

Statistiques générales

  • Ce quiz a été pris 485 fois
    (435 depuis la dernière actualisation)
  • Le résultat moyen est 11 sur 14

Statistiques - réponses

HintRéponse% Correct
OCEANIEaustralie
89%
EUROPEalbanie
88%
EUROPEallemagne
88%
AFRIQUEalgerie
84%
ASIEafghanistan
80%
EUROPEautriche
80%
EUROPEandorre
79%
ASIEarmenie
79%
AFRIQUEangola
78%
AMERIQUEargentine
78%
AFRIQUEafrique du sud
74%
ASIEazerbaidjan
72%
ASIEarabie saoudite
67%
antigua
46%

Distribution des résultats

Percentile par nombre de réponses

% des personnes avec chaque résultat

Votre développement - résultats

Vous n’avez pas pris ce quiz depuis la dernière actualisation